Teaching for mastery (Record no. 85982)

MARC details
000 -LEADER
fixed length control field 00756 a2200253 4500
003 - CONTROL NUMBER IDENTIFIER
control field CBULib
005 - DATE AND TIME OF LATEST TRANSACTION
control field 20250131093223.0
008 - FIXED-LENGTH DATA ELEMENTS--GENERAL INFORMATION
fixed length control field 250131b |||||||| |||| 00| 0 eng d
020 ## - INTERNATIONAL STANDARD BOOK NUMBER
International Standard Book Number 9781912906185
040 ## - CATALOGING SOURCE
Language of cataloging English
Transcribing agency CBULib
Description conventions rda
050 ## - LIBRARY OF CONGRESS CALL NUMBER
Classification number LB 1025.3 Mcc
100 ## - MAIN ENTRY--PERSONAL NAME
Personal name McCourt, Mark
245 ## - TITLE STATEMENT
Title Teaching for mastery
Statement of responsibility, etc / by Mark McCourt
260 ## - PUBLICATION, DISTRIBUTION, ETC. (IMPRINT)
Name of publisher, distributor, etc John Catt,
Date of publication, distribution, etc 2019
Place of publication, distribution, etc Woodbridge :
300 ## - PHYSICAL DESCRIPTION
Extent 328 pages : illustrations (some color)
336 ## - CONTENT TYPE
Source rdacontent
Content type term Text |
Content type code txt
337 ## - MEDIA TYPE
Source rdamedia
Media type term Unmediated |
Media type code n
338 ## - CARRIER TYPE
Source rdacarrier
Carrier type term Volume
Carrier type code nc
500 ## - GENERAL NOTE
General note Includes bibliographical references
650 #0 - SUBJECT ADDED ENTRY--TOPICAL TERM
9 (RLIN) 4257
Topical term or geographic name as entry element EFFECTIVE TEACHING
650 #0 - SUBJECT ADDED ENTRY--TOPICAL TERM
9 (RLIN) 4329
Topical term or geographic name as entry element TEACHERS - PSYCHOLOGY
650 #0 - SUBJECT ADDED ENTRY--TOPICAL TERM
9 (RLIN) 4185
Topical term or geographic name as entry element TEACHING
942 ## - ADDED ENTRY ELEMENTS (KOHA)
Source of classification or shelving scheme
Koha item type MONOGRAPH
Holdings
Withdrawn status Lost status Source of classification or shelving scheme Damaged status Not for loan Collection code Permanent Location Current Location Shelving location Date acquired Source of acquisition Cost, normal purchase price Total Checkouts Full call number Barcode Date last seen Price effective from Koha item type
          Main Library Open Access Collection CBU-MAIN LIBRARY, KITWE. CBU-MAIN LIBRARY, KITWE. General Stacks 01/31/2025 BOOK AID INTERNATIONAL 26.95   LB 1025.3 Mcc 753389 01/31/2025 01/31/2025 MONOGRAPH